| 000 | 00753nam a2200253 4500 | ||
|---|---|---|---|
| 001 | 20103 | ||
| 003 | CZ PrNK | ||
| 005 | 20260116131320.0 | ||
| 007 | tu | ||
| 008 | 931012s1972 xo a 0|0 0 slo | ||
| 040 |
_aABA001 _bcze _dABA001 |
||
| 041 | 0 |
_aslo _bmul |
|
| 080 |
_a908.437.6(084.1)=854 _2undef |
||
| 100 | 1 |
_aBelický, Karol, _d1937-2016 _4aut |
|
| 245 | 1 | 0 |
_aZa krásami Slovenska / _cKarol Belický |
| 250 | _a1. vyd. | ||
| 260 |
_aBratislava : _bPráca, _c1972 |
||
| 300 |
_a1 sv. (nestr.) : _bobr. příl. ; _c4° |
||
| 490 | 1 |
_aKnižnica praktických príručiek Práce ; _vZv. 2/72 |
|
| 500 | _aRus., nem., angl. a franc. souhrny | ||
| 830 | 0 | _aKnižnica praktických príručiek Práce | |
| 910 | _aABA001 | ||
| 942 |
_2ddc _cOLDO _n0 |
||
| 999 |
_c20103 _d20103 |
||